| 000 | 00000nam##2200000za#4500 |
| 001 | 9.589832 |
| 003 | CaOODSP |
| 005 | 20210624195833 |
| 007 | cr ||||||||||| |
| 008 | 150406|1986||||xxc|||||o f|0| 0 fre|d |
| 022 | |a1488-5379 |
| 040 | |aCaOODSP|bfre |
| 041 | |aeng |
| 041 | |afre |
| 043 | |an-cn--- |
| 086 | 1 |aFs97-6/1480-PDF |
| 110 | 1 |aCanada. |bMinistère des pêches et des océans. |
| 245 | 10|aCompte rendu des communications du onzième atelier annuel sur la toxicité aquatique, du 13-15 novembre, 1984, Vancouver (Colombie-Britannique) / |h[ressource électronique]|cÉditeurs G.H. Geen et K.L. Woodward. |
| 260 | |aOttawa - Ontario : |bPêches et Océans Canada |c1986. |
| 300 | |a356p.|bréférences, tableaux |
| 490 | 1 |aRapport technique canadien des sciences halieutiques et aquatiques|x1488-5379|vN° 1480 |
| 500 | |aSur la p. de t. : Direction de la gestion de l'habitat du poisson. Le n° de catalogue et l'ISSN de l'édition imprimée apparaissent dans cette version électronique. Textes préliminaires en français et en anglais. Les articles en leurs langues originales. |
| 546 | |aTextes préliminaires en français et en anglais. Les articles en leurs langues originales. |
| 590 | |a14-02-Supp|b2014-01-08 |
| 720 | 1 |aGeen, G. H. |
| 720 | 1 |aWoodward, K. L. |
| 791 | |tProceedings of the Eleventh Annual Aquatic Toxicity Workshop – November 13-15, 1984, Vancouver, British Columbia / |eeng|w(CaOODSP)9.589831 |
| 830 | #0|aRapport technique canadien des sciences halieutiques et aquatiques,|x1488-5379|vN° 1480|w(CaOODSP)9.500270 |
| 856 | 40|ahttp://publications.gc.ca|qPDF|s13,763 Ko|uhttps://publications.gc.ca/collections/collection_2013/mpo-dfo/Fs97-6-1480.pdf|yN° 1480 |